000 00659nam a2200205 i 4500
001 91269
003 ES-MaACL
005 20230906180700.0
007 t|
008 050128s1966 sp ||||1| spa d
100 1 _aLepp, Ignace.
_971731
245 1 0 _aAmor, neurosis y moral cristiana /
_cIgnace Lepp ; [traducción por José María Bernáldez Montalvo].
260 _aMadrid :
_bFax,
_c1966.
300 _a136 p. ;
_c21 cm.
490 1 _aPsicología, medicina, pastoral
700 1 _aBernáldez Montalvo, José María.
_9153063
830 0 _aPsicología, medicina, pastoral
_9180800
852 _aES-MaACL
_jC-30330
_bR.60848
999 _c91269
_d91269